000 01205nam a2200241 a 4500
001 BRL_770
005 20190320210904.0
008 081015m19661970mx-abc####---#000-0#spa-#
041 _aspa
044 _amx
050 4 _aF1204
_b.E53 1966
245 1 0 _aEnciclopedia de México
_cdirector José Rogelio Alvarez.
260 _aMéxico
_bInstituto de la Enciclopedia de México
_c1966-1970
300 _av.
_bil.(algunas a color), facsimilares, mapas (algunos a color), planos, retratos.
_c30 cm.
500 _av.1 Au1162; v.2 Au1161; v.3 Au1160; V.4 Au1159
500 _aVer también número de sistema 1032 perteneciente al Fondo Ruth Lechuga
500 _aIncluye dedicatoria a Ruth Lechuga
500 _aTodo lo mexicano ordenado alfabéticamente: antropología, arqueología, arte, bibliografía, biografías, ciencias , derecho, economía, estadística, etimología, etnografía, fauna y flora, folclore, geociencias, historia, instituciones, léxico regional, literatura, metología, música, paremiología, semántica, sociología, toponimia, turismo, etc.
651 4 _aMéxico
_vEnciclopedias
_95918
700 1 _aÁlvarez, José Rogelio
_d1922-2011
_924891
902 _aGRL
942 _2lcc
_cB
999 _c9582
_d9582